1332 1642 1941 1996 1438 1347 1035 1494 1384 1345 1619 1355 1187 1259 1003 1560 1078 1656 1158 1264 1907 1429 1546 1822 1218 1790 1451 1118 1537 1020 1368 1877 1783 1465 1184 1538 1340 1033 1890 1815 1022 1946 1750 1111 1442 1828 1714 1256 1237 1438 1450 1514 1943 1675 1402 1940 1094 1899 1950 1130 1143 1201 1663 1353 1177 1322 1766 1417 1383 1540 1582 1210 1365 1521 1120 1706 1610 1119 1363 1173 1262 1168 1332 1737 1678 1501 1756 1937 1822 1435 1109 1205 1046 1993 1797 1952 1662 1088 1705 BCNSPRNW ULIB Ver.6.0+V

เปลี่ยนเป็นภาษาไทย

Change to English
 แสดงรายละเอียดบรรณานุกรม
  กลับหน้าหลัก

Brief Record : Get Marc (ISO 2709) : E-mail record : QR code < ปิดหน้าต่าง
LEADER : 00000nam 2200000uu 4500
001    13399125298
003     ULIB
008    170331s2557||||th 000 0 tha d
020    ^a9786167388618
060 04 ^aWE168^bธ289O
245 00 ^aOrthopaedics for medical students /^cธไนนิธย์ โชตภูติ, ธรรมนูญ ศรีสอ้าน, สมภพ ภู่พิทยา, ทวี ทรงพัฒนาศิลป์ และ ฟูเศรษฐ จงเฟื่องปริญญา, บรรณาธิการ, คณาจารย์ภาควิชาศัลยศาสตร์ออร์โธปิดิกส์ กองการศึกษาวิทยาลัยแพทยศาสตร์พระมงกุฏเกล้า
260    ^aนนทบุรี :^bนำอักษรการพิมพ์,^c2557
300    ^a452 หน้า :^bภาพประกอบ ;^c26 ซม.
500    ^aการพยาบาลผู้ใหญ่
505 0  ^aสารบัญ--1.อาการนำเพื่อการวินิจฉัยโรคทางออร์โธปิดิกส์--2.ความรู้พื้นฐานทางออร์โธปิดิกส์--3.Clinical Knowledge in Orthopedic Surgery กระดูกหักและข้อเคลื่อน--4.ศัลยกรรมทางมือและจุลศัลยกรรม--5.โรคทางออร์โธปิดิกส์ที่ไม่เกิดจากอุบัติเหตุ--6.การบาดเจ็บจากการรบ
650  4 ^aศัลยกรรมกระดูก
650  0 ^aการพยาบาลผู้ใหญ่
700 0  ^aธไนนิธย์ โชตน์ภูติ,^eบรรณาธิการ
700 0  ^aธรรมนูญ ศรีสอ้าน,^eบรรณาธิการ
700 0  ^aสมภพ ภู่พิทยา,^eบรรณาธิการ
700 0  ^aทวี ทรงพัฒนาศิลป์,^eบรรณาธิการ
700 0  ^aฟูเศรษฐ จงเฟื่องปริญญา,^eบรรณาธิการ
710 1  ^aกองการศึกษาวิทยาลัยแพทยศาสตร์พระมงกุฏเกล้า
945    ^p0^l0^i001840
945    ^p0^l0^i001841
999    ^aวรรณษา ชูชัยมงคล
รายการนี้ยังไม่มีแท็ก
คุณยังไม่ได้ล็อกอิน คุณสามารถมีกิจกรรมร่วมกับเว็บไซต์ได้ แต่ต้องล็อกอินก่อน ::
  ล็อกอิน

รายการสื่อสารสนเทศ

ลำดับที่ ประเภท เลขเรียก/บาร์โค้ด สถานที่ สถานะ
1. วิทยาศาสตร์การแพทย์ และสุขภาพ
วิทยาศาสตร์การแพทย์ และสุขภาพ
สถานะ=หนังสือเก่า
WE168 ธ289O ฉ.1 
  Barcode: 001840
ห้องสมุดวิทยาเขตสวรรค์ประชารักษ์
►ส่วนจัดเก็บหนังสือเก่า สปร
บนชั้น
  ขอยืม
2. วิทยาศาสตร์การแพทย์ และสุขภาพ
วิทยาศาสตร์การแพทย์ และสุขภาพ
สถานะ=หนังสือเก่า
WE168 ธ289O ฉ.2 
  Barcode: 001841
ห้องสมุดวิทยาเขตสวรรค์ประชารักษ์
►ส่วนจัดเก็บหนังสือเก่า สปร
บนชั้น
  ขอยืม

รายการใกล้เคียง
    หัวเรื่อง [ศัลยกรรมกระดูก]
    หัวเรื่อง [การพยาบาลผู้ใหญ่]

BibComment


ยังไม่เคยถูกคอมเมนท์

คอมเมนท์ทรัพยากรรายการนี้
  คอมเมนท์: Orthopaedics for..


 Copyright 2026. Bcnsprnw @Library